00446nam a2200133 a 4500008004100000050002300041100001900064245007300083260003700156300001400193350000900207650004900216710004700265081117s1964 ||||||||||||||||| || u aGOV.ZAM(02)1964/1A aLockwood, John10aReport on the development of a university in Northern Rhodesia, 1963 aLusakabGovernment Printerc1964 avii, 71p. a0.00 aUNIVERSITIES AND COLLEGES -- ZAMBIA--HISTORY aGovernment of the Republic of Zambia (GRZ)